00277nam a2200109Ia 4500008004100000020001800041100002000059245004900079250000800128260001800136650001300154240827s9999 xx 000 0 und d a9789390128228 aPitabas Mohanty 0aSpreadsheet Skills for Finance Professionals a2nd bTaxmannc2020 aCommerce